000 00332nam a2200145Ia 4500
100 _aPanovko/Ya
650 _aGeneral
942 _cBK
654 _aElastic Vibration
245 _aElements of the Applied Theory Of Elastic Vibration
260 _bMir Publishers
_c1971
082 _a621.8
300 _a318
546 _aENGLISH
999 _c27474
_d27474